[Event "12PCR_F"]
[Site "?"]
[Date "2003.??.??"]
[Round "?"]
[White "Pytlik, Lesek"]
[Black "Portych, Vaclav"]
[Result "1-0"]
[WhiteElo "2316"]
[BlackElo "2148"]
[PlyCount "91"]
[EventDate "2003.??.??"]
[EventType "corr"]
[EventRounds "1"]
[SourceDate "2004.08.30"]

1. e4 c5 2. Nf3 Nc6 3. Bb5 g6 4. Bxc6 bxc6 5. O-O Bg7 6. Re1 Nf6 7. e5 Nd5 8.
c4 Nc7 9. d4 cxd4 10. Nxd4 O-O 11. Nc3 Ne6 12. Nxe6 fxe6 13. c5 Qc7 14. f4 a5
15. Ne4 Ba6 16. Qd4 h6 17. Bd2 Rab8 18. Rad1 Rb7 19. Bc3 Kh7 20. a4 Rxf4 21.
Nf6+ Rxf6 22. exf6 exf6 23. Qh4 g5 24. Qe4+ f5 25. Qc2 Bf8 26. Be5 Qd8 27. Kh1
Qe7 28. Bd6 Qf6 29. Bxf8 Qxf8 30. b3 Qg7 31. Kg1 Rb4 32. Qd2 Bc8 33. Qd3 g4 34.
Qd6 Rxb3 35. Qc7 Qg8 36. Qxa5 Qf8 37. Qc7 Qxc5+ 38. Kh1 Qf8 39. Rxe6 Qf7 40.
Ree1 Qf8 41. Qe5 Rb4 42. a5 Rb5 43. Qc7 Rb7 44. Rxd7+ Kg8 45. Qxb7 Bxb7 46.
Rxb7 1-0

[Event "12PCR_F"]
[Site "?"]
[Date "2003.??.??"]
[Round "?"]
[White "Hladecek, Miloslav"]
[Black "Pytlik, Lesek"]
[Result "0-1"]
[WhiteElo "2275"]
[BlackElo "2316"]
[PlyCount "100"]
[EventDate "2003.??.??"]
[EventType "corr"]
[EventRounds "1"]
[SourceDate "2004.08.30"]

1. e4 e5 2. Nf3 Nc6 3. Bc4 Nf6 4. Ng5 d5 5. exd5 Na5 6. Bb5+ c6 7. dxc6 bxc6 8.
Qf3 Rb8 9. Bxc6+ Nxc6 10. Qxc6+ Nd7 11. d3 Be7 12. Ne4 Bb7 13. Qc4 Rc8 14. Qb3
Rb8 15. Qa4 f5 16. Ng3 O-O 17. O-O Bd5 18. c4 Nc5 19. Qc2 Ba8 20. Rd1 Ne6 21.
Nc3 Nd4 22. Qd2 f4 23. Nge4 f3 24. g3 Qc8 25. Kh1 Bb4 26. Rg1 Ne2 27. Qd1 Bxc3
28. bxc3 Bxe4 29. dxe4 Rd8 30. Qf1 Qxc4 31. Be3 a5 32. Qh3 Nxg1 33. Rxg1 Qxe4
34. Qe6+ Kh8 35. h4 Rb1 36. h5 h6 37. c4 Rxg1+ 38. Kxg1 Qb1+ 39. Kh2 Rd1 40.
Qe8+ Kh7 41. Qg6+ Qxg6 42. hxg6+ Kxg6 43. g4 Ra1 44. Kg3 Rxa2 45. Kxf3 a4 46.
Bc5 Rc2 47. Bd6 Kf6 48. g5+ Kf5 49. gxh6 gxh6 50. Kg3 Rxc4 0-1

[Event "12PCR_F"]
[Site "?"]
[Date "2003.??.??"]
[Round "?"]
[White "Valak, Alois"]
[Black "Pytlik, Lesek"]
[Result "1/2-1/2"]
[WhiteElo "2257"]
[BlackElo "2316"]
[PlyCount "91"]
[EventDate "2003.??.??"]
[EventType "corr"]
[EventRounds "1"]
[SourceDate "2004.08.30"]

1. e4 c6 2. d4 d5 3. e5 Bf5 4. Nd2 e6 5. Nb3 Nd7 6. Nf3 Ne7 7. Be2 a6 8. O-O
Qc7 9. Bd2 c5 10. Nxc5 Nxc5 11. dxc5 Qxc5 12. c3 Be4 13. Nd4 Qc7 14. Qa4+ Nc6
15. Bb5 Rc8 16. Bxc6+ bxc6 17. Qxa6 c5 18. Nb5 Qc6 19. Qxc6+ Rxc6 20. Rfd1 Bc2
21. Rdc1 Bd3 22. a4 Kd7 23. b3 f6 24. exf6 gxf6 25. f3 Ra6 26. Kf2 e5 27. g3
Be7 28. c4 d4 29. Re1 Re8 30. Ra2 Bd8 31. Rd1 f5 32. Bb4 Bxc4 33. bxc4 cxb4 34.
f4 Bb6 35. fxe5 Rxe5 36. Kf1 Kc6 37. c5 Bxc5 38. Nxd4+ Bxd4 39. Rxd4 Kc5 40.
Rf4 b3 41. Ra1 Rb6 42. Rc1+ Kd6 43. Rb1 Rc5 44. Ke2 Ke5 45. Rb2 Rc3 46. Kd2
1/2-1/2

[Event "12PCR_F"]
[Site "?"]
[Date "2003.??.??"]
[Round "?"]
[White "Kratochvil, Vaclav"]
[Black "Pytlik, Lesek"]
[Result "0-1"]
[WhiteElo "2156"]
[BlackElo "2316"]
[PlyCount "78"]
[EventDate "2003.??.??"]
[EventType "corr"]
[EventRounds "1"]
[SourceDate "2004.08.30"]

1. e4 e6 2. d4 d5 3. exd5 exd5 4. Bd3 Bd6 5. Nf3 Qe7+ 6. Qe2 Nc6 7. c3 Qxe2+ 8.
Bxe2 Nf6 9. O-O O-O 10. Re1 Bf5 11. Nbd2 Rfe8 12. Nf1 Ne7 13. Bg5 Ne4 14. Bxe7
Rxe7 15. Ne3 Be6 16. Bd3 c6 17. Bxe4 dxe4 18. Ng5 Bd7 19. Nc4 Bf4 20. Nf3 b5
21. g3 Bc7 22. Na3 Rae8 23. Nd2 a5 24. Nc2 a4 25. b3 f5 26. Ne3 g5 27. Ng2 h5
28. b4 h4 29. Re2 h3 30. Ne1 f4 31. f3 exf3 32. Rxe7 Rxe7 33. Ndxf3 fxg3 34.
hxg3 Bxg3 35. Nd3 g4 36. Nfe5 Be6 37. Nc5 Bd5 38. Nxg4 h2+ 39. Nxh2 Rh7 0-1

[Event "12PCR_F"]
[Site "?"]
[Date "2003.??.??"]
[Round "?"]
[White "Svrsek, Radomir"]
[Black "Hladecek, Miloslav"]
[Result "1/2-1/2"]
[WhiteElo "2237"]
[BlackElo "2275"]
[PlyCount "45"]
[EventDate "2003.??.??"]
[EventType "corr"]
[EventRounds "1"]
[SourceDate "2004.08.30"]

1. c4 e6 2. d4 Nf6 3. Nf3 d5 4. e3 Be7 5. cxd5 exd5 6. Bd3 O-O 7. O-O Bd6 8.
Qc2 Re8 9. Nc3 c6 10. Re1 Bg4 11. e4 dxe4 12. Nxe4 Nxe4 13. Rxe4 Bxf3 14. gxf3
Nd7 15. Rxe8+ Qxe8 16. Bxh7+ Kh8 17. Be4 Qe6 18. Bg5 Re8 19. Qd3 Qh3 20. f4
Qxd3 21. Bxd3 f6 22. Bh4 Bxf4 23. Bg3 1/2-1/2

[Event "12PCR_F"]
[Site "?"]
[Date "2003.??.??"]
[Round "?"]
[White "Nedoma, Petr"]
[Black "Glembek, Bohumir"]
[Result "1-0"]
[WhiteElo "2224"]
[BlackElo "2122"]
[PlyCount "27"]
[EventDate "2003.??.??"]
[EventType "corr"]
[EventRounds "1"]
[SourceDate "2004.08.30"]

1. e4 e5 2. Nf3 Nc6 3. Bc4 Nf6 4. d3 Bc5 5. O-O O-O 6. c3 a6 7. d4 Bb6 8. dxe5
Ng4 9. Bf4 Qe8 10. Qd5 Ne7 11. Qd2 Nc6 12. Na3 Ncxe5 13. Nxe5 d6 14. Nxg4 1-0

[Event "12PCR_F"]
[Site "?"]
[Date "2003.??.??"]
[Round "?"]
[White "Lounek, Jan"]
[Black "Valak, Alois"]
[Result "0-1"]
[WhiteElo "2337"]
[BlackElo "2257"]
[PlyCount "39"]
[EventDate "2003.??.??"]
[EventType "corr"]
[EventRounds "1"]
[SourceDate "2004.08.30"]

1. e4 e5 2. Nf3 Nc6 3. Bb5 a6 4. Ba4 Nf6 5. O-O Be7 6. Re1 b5 7. Bb3 d6 8. c3
O-O 9. h3 Bb7 10. d4 Re8 11. Nbd2 Bf8 12. d5 Nb8 13. Nf1 Nbd7 14. Ng3 Nc5 15.
Bc2 c6 16. b4 Ncd7 17. dxc6 Bxc6 18. Bb3 Nb6 19. Bg5 h6 20. Nh2 0-1

[Event "12PCR_F"]
[Site "?"]
[Date "2003.??.??"]
[Round "?"]
[White "Glembek, Bohumir"]
[Black "Svrsek, Radomir"]
[Result "1/2-1/2"]
[WhiteElo "2122"]
[BlackElo "2237"]
[PlyCount "76"]
[EventDate "2003.??.??"]
[EventType "corr"]
[EventRounds "1"]
[SourceDate "2004.08.30"]

1. d4 Nf6 2. c4 e6 3. Nc3 d5 4. Bg5 c6 5. cxd5 cxd5 6. e3 Qb6 7. Bxf6 gxf6 8.
Rb1 Nc6 9. Bd3 Rg8 10. g3 f5 11. a3 a6 12. Nf3 Bd7 13. b4 Qd8 14. Rc1 Bd6 15.
Na4 b6 16. Nc3 a5 17. Bb5 Kf8 18. Nxd5 Nxb4 19. Bxd7 Nxd5 20. Qa4 Qe7 21. Ra1
Rb8 22. Bc6 b5 23. Qb3 a4 24. Qd3 Bxa3 25. Bxd5 Bb4+ 26. Ke2 exd5 27. Rhb1 Kg7
28. Ne5 Rgc8 29. Qxf5 Rc7 30. Nd3 Bd6 31. Qxd5 Rcb7 32. e4 Rd7 33. Qf5 Bc7 34.
d5 Bd6 35. f4 f6 36. Kf2 Rc7 37. Re1 Rc2+ 38. Kg1 Rf8 1/2-1/2

[Event "12PCR_F"]
[Site "?"]
[Date "2003.??.??"]
[Round "?"]
[White "Svrsek, Radomir"]
[Black "Valak, Alois"]
[Result "1/2-1/2"]
[WhiteElo "2237"]
[BlackElo "2257"]
[PlyCount "59"]
[EventDate "2003.??.??"]
[EventType "corr"]
[EventRounds "1"]
[SourceDate "2004.08.30"]

1. e4 e5 2. Nf3 Nc6 3. d4 exd4 4. Nxd4 Bc5 5. Nb3 Bb6 6. Nc3 d6 7. a4 a6 8. Nd5
Ba7 9. Bg5 Nge7 10. Bd3 Be6 11. O-O Qd7 12. Na5 Nxa5 13. Bxe7 c6 14. Bh4 cxd5
15. exd5 Bxd5 16. Qe1+ Be6 17. Qxa5 O-O 18. Qd2 Rfe8 19. a5 d5 20. Bg3 Bf5 21.
Rfe1 Bxd3 22. Qxd3 Rxe1+ 23. Rxe1 Re8 24. Rxe8+ Qxe8 25. Kf1 Qc6 26. b4 g6 27.
c3 f5 28. Be5 Qc4 29. Qxc4 dxc4 30. Ke2 1/2-1/2

[Event "12PCR_F"]
[Site "?"]
[Date "2003.??.??"]
[Round "?"]
[White "Nedoma, Petr"]
[Black "Nosek, Jaroslav"]
[Result "1/2-1/2"]
[WhiteElo "2224"]
[BlackElo "2260"]
[PlyCount "22"]
[EventDate "2003.??.??"]
[EventType "corr"]
[EventRounds "1"]
[SourceDate "2004.08.30"]

1. e4 e6 2. d4 d5 3. exd5 exd5 4. Nf3 Bg4 5. Be2 Bd6 6. O-O Ne7 7. Re1 O-O 8.
h3 Bh5 9. Bd3 h6 10. c3 Nd7 11. Nbd2 Re8 1/2-1/2

[Event "12PCR_F"]
[Site "?"]
[Date "2003.??.??"]
[Round "?"]
[White "Splichal, Josef"]
[Black "Svrsek, Radomir"]
[Result "1/2-1/2"]
[WhiteElo "2217"]
[BlackElo "2237"]
[PlyCount "75"]
[EventDate "2003.??.??"]
[EventType "corr"]
[EventRounds "1"]
[SourceDate "2004.08.30"]

1. e4 c6 2. d4 d5 3. exd5 cxd5 4. c4 Nf6 5. Nc3 Nc6 6. Nf3 Bg4 7. cxd5 Nxd5 8.
Qb3 Bxf3 9. gxf3 Nb6 10. Be3 e6 11. O-O-O Be7 12. d5 exd5 13. Nxd5 Nxd5 14. Bc4
Ncb4 15. Bxd5 Nxd5 16. Rxd5 Qc7+ 17. Kb1 O-O 18. Qc2 Qxc2+ 19. Kxc2 b6 20. Rd7
Bf6 21. Rhd1 Rfd8 22. R1d2 Kf8 23. Rb7 Rxd2+ 24. Bxd2 g5 25. b3 Kg7 26. h3 h5
27. Be3 Kg6 28. f4 g4 29. hxg4 hxg4 30. Kd3 Bb2 31. b4 Bf6 32. Kc4 Re8 33. Rxa7
g3 34. Rd7 Kf5 35. Rd1 g2 36. Rg1 Rg8 37. f3 Rc8+ 38. Kb5 1/2-1/2

[Event "12PCR_F"]
[Site "?"]
[Date "2003.??.??"]
[Round "?"]
[White "Nosek, Jaroslav"]
[Black "Splichal, Josef"]
[Result "1/2-1/2"]
[WhiteElo "2260"]
[BlackElo "2217"]
[PlyCount "55"]
[EventDate "2003.??.??"]
[EventType "corr"]
[EventRounds "1"]
[SourceDate "2004.08.30"]

1. e4 e5 2. Nf3 Nc6 3. Bb5 a6 4. Ba4 Nf6 5. O-O Nxe4 6. d4 b5 7. Bb3 d5 8. dxe5
Be6 9. Nbd2 Be7 10. c3 O-O 11. Qe2 Bf5 12. Nxe4 dxe4 13. Nd2 Nxe5 14. Nxe4 Qd3
15. Re1 Rfe8 16. Bc2 Qxe2 17. Rxe2 Nc4 18. Kf1 Rad8 19. a4 Bg6 20. axb5 axb5
21. f3 c5 22. b3 Nb6 23. Ra5 Nd5 24. c4 bxc4 25. bxc4 Nb4 26. Ba4 Ra8 27. Bxe8
Rxa5 28. Bd2 1/2-1/2

[Event "12PCR_F"]
[Site "?"]
[Date "2003.??.??"]
[Round "?"]
[White "Nosek, Jaroslav"]
[Black "Glembek, Bohumir"]
[Result "1/2-1/2"]
[WhiteElo "2260"]
[BlackElo "2122"]
[PlyCount "62"]
[EventDate "2003.??.??"]
[EventType "corr"]
[EventRounds "1"]
[SourceDate "2004.08.30"]

1. e4 e5 2. Nf3 Nc6 3. Bb5 a6 4. Ba4 Nf6 5. O-O Be7 6. Re1 b5 7. Bb3 d6 8. c3
O-O 9. h3 Bb7 10. d4 Re8 11. Nbd2 Bf8 12. d5 Nb8 13. Nf1 Nbd7 14. Ng3 Nc5 15.
Bc2 h6 16. Nh2 c6 17. Ng4 cxd5 18. Nxf6+ Qxf6 19. exd5 g6 20. b4 Nd7 21. a4 Qe7
22. Qd3 Nb6 23. axb5 axb5 24. Rxa8 Rxa8 25. Bb3 Qd7 26. Ne4 Kh8 27. Be3 Nc4 28.
Bxc4 bxc4 29. Qxc4 f5 30. Nf6 Qf7 31. Qb5 f4 1/2-1/2

[Event "12PCR_F"]
[Site "?"]
[Date "2003.??.??"]
[Round "?"]
[White "Kratochvil, Vaclav"]
[Black "Svrsek, Radomir"]
[Result "1/2-1/2"]
[WhiteElo "2156"]
[BlackElo "2237"]
[PlyCount "51"]
[EventDate "2003.??.??"]
[EventType "corr"]
[EventRounds "1"]
[SourceDate "2004.08.30"]

1. e4 e5 2. Nf3 Nc6 3. Bb5 a6 4. Ba4 Nf6 5. O-O Nxe4 6. d4 b5 7. Bb3 d5 8. dxe5
Be6 9. c3 Bc5 10. Nbd2 O-O 11. Bc2 f5 12. exf6 Nxf6 13. h3 Bb6 14. Re1 Qd6 15.
Nf1 Rae8 16. Be3 Bxe3 17. Nxe3 Ne5 18. Nxe5 Qxe5 19. Nf5 Qf4 20. Nd4 Bd7 21.
Qf3 Qd6 22. Rxe8 Rxe8 23. b4 c5 24. bxc5 Qxc5 25. Rd1 a5 26. Ne2 1/2-1/2

[Event "12PCR_F"]
[Site "?"]
[Date "2003.??.??"]
[Round "?"]
[White "Lounek, Jan"]
[Black "Glembek, Bohumir"]
[Result "1-0"]
[WhiteElo "2337"]
[BlackElo "2122"]
[PlyCount "107"]
[EventDate "2003.??.??"]
[EventType "corr"]
[EventRounds "1"]
[SourceDate "2004.08.30"]

1. e4 e5 2. Nf3 Nc6 3. Bb5 a6 4. Ba4 Nf6 5. O-O Be7 6. Re1 b5 7. Bb3 d6 8. c3
O-O 9. h3 Na5 10. Bc2 Bb7 11. d4 c5 12. d5 Nc4 13. a4 Nb6 14. b3 bxa4 15. bxa4
a5 16. Na3 Ba6 17. Nb5 Qd7 18. Rb1 Rab8 19. Qe2 c4 20. Nd2 Rfc8 21. Ba3 Ne8 22.
Rb2 Bxb5 23. Rxb5 Nxa4 24. Rxb8 Rxb8 25. Qxc4 Nb2 26. Qa6 Na4 27. Nc4 Nxc3 28.
Qxa5 Nb5 29. Ba4 Qc7 30. Qxc7 Nbxc7 31. Bxe8 Nxe8 32. Nxe5 dxe5 33. Bxe7 Rb7
34. Bc5 Rc7 35. Ba3 f6 36. f3 Ra7 37. Re3 Kf7 38. Rb3 g5 39. Kf2 Rd7 40. Rb6
Ra7 41. Bb4 Rd7 42. Kg3 h6 43. h4 Ng7 44. Kh3 Rc7 45. g3 Rd7 46. g4 Ra7 47. Kg3
Rd7 48. h5 Ne8 49. Kf2 Ng7 50. Ke3 Rc7 51. Bd6 Rd7 52. Kd3 Ne8 53. Bc5 Rc7 54.
Kc4 1-0

[Event "12PCR_F"]
[Site "?"]
[Date "2003.??.??"]
[Round "?"]
[White "Lounek, Jan"]
[Black "Svrsek, Radomir"]
[Result "1-0"]
[WhiteElo "2337"]
[BlackElo "2237"]
[PlyCount "115"]
[EventDate "2003.??.??"]
[EventType "corr"]
[EventRounds "1"]
[SourceDate "2004.08.30"]

1. e4 e5 2. Nf3 Nc6 3. Bb5 a6 4. Ba4 Nf6 5. O-O Nxe4 6. d4 exd4 7. Re1 d5 8.
Bg5 f6 9. Nxd4 Bc5 10. Nxc6 Bxf2+ 11. Kf1 Qd7 12. Nc3 bxc6 13. Nxe4 Bxe1 14.
Nxf6+ gxf6 15. Qh5+ Kf8 16. Bh6+ Ke7 17. Rxe1+ Kd8 18. Qf3 Qf5 19. Qxf5 Bxf5
20. Bxc6 Rb8 21. Bg7 Rb6 22. Bxf6+ Kc8 23. Bxh8 Rxc6 24. c3 Kd7 25. Rd1 Be4 26.
Bd4 Rh6 27. Kg1 c6 28. b4 Rg6 29. g3 h5 30. Kf2 Rg8 31. Ke3 Rf8 32. Kd2 Ke6 33.
Kc1 Rf3 34. Re1 Kf5 35. Kb2 Kg4 36. Kb3 Kh3 37. Ka4 Kxh2 38. Ka5 Bd3 39. Re5
Kxg3 40. Rxh5 Rf1 41. a4 Kg4 42. Rh6 Ra1 43. Rxc6 Bb5 44. Rxa6 Bxa6 45. Kxa6
Rxa4+ 46. Kb5 Ra8 47. Kc6 Rc8+ 48. Kxd5 Rd8+ 49. Kc6 Kf5 50. b5 Ke6 51. b6 Rc8+
52. Kb5 Kd5 53. b7 Rb8 54. Kb6 Rf8 55. Ka7 Rf7 56. Ka8 Rf8+ 57. b8=Q Rxb8+ 58.
Kxb8 1-0

[Event "12PCR_F"]
[Site "?"]
[Date "2003.??.??"]
[Round "?"]
[White "Lounek, Jan"]
[Black "Kratochvil, Vaclav"]
[Result "1-0"]
[WhiteElo "2337"]
[BlackElo "2156"]
[PlyCount "69"]
[EventDate "2003.??.??"]
[EventType "corr"]
[EventRounds "1"]
[SourceDate "2004.08.30"]

1. e4 c5 2. Nf3 d6 3. d4 cxd4 4. Nxd4 Nf6 5. Nc3 g6 6. Be3 Bg7 7. f3 O-O 8. Qd2
Nc6 9. Bc4 Bd7 10. O-O-O Rc8 11. Bb3 Ne5 12. Kb1 a5 13. a4 Nc4 14. Bxc4 Rxc4
15. b3 Rc8 16. g4 Qc7 17. Ndb5 Qd8 18. h4 Nxg4 19. fxg4 Bxg4 20. Rdf1 h5 21.
Bh6 Bxh6 22. Qxh6 e6 23. e5 d5 24. Rf6 Qe7 25. Rhf1 b6 26. R1f2 Rc5 27. Ne2
Rxb5 28. axb5 a4 29. Nf4 axb3 30. c4 Bf5+ 31. Rxf5 exf5 32. Nxd5 Qxe5 33. Re2
Qd6 34. Ne7+ Qxe7 35. Rxe7 1-0

[Event "12PCR_F"]
[Site "?"]
[Date "2003.??.??"]
[Round "?"]
[White "Portych, Vaclav"]
[Black "Chvojka, Jaroslav"]
[Result "0-1"]
[WhiteElo "2148"]
[BlackElo "2175"]
[PlyCount "42"]
[EventDate "2003.??.??"]
[EventType "corr"]
[EventRounds "1"]
[SourceDate "2004.08.30"]

1. c4 Nf6 2. Nc3 e5 3. Nf3 Nc6 4. g3 Nd4 5. Bg2 Nxf3+ 6. Bxf3 Bc5 7. O-O O-O 8.
d3 d6 9. Na4 c6 10. Nxc5 dxc5 11. Bd2 Bh3 12. Re1 Re8 13. Bc3 Qd7 14. Qd2 Qf5
15. Rad1 Re6 16. a3 Rae8 17. Bh1 b6 18. e4 Qh5 19. Qe2 Qg6 20. b4 Nd7 21. Qh5
Qxh5 0-1

[Event "12PCR_F"]
[Site "?"]
[Date "2003.??.??"]
[Round "?"]
[White "Kratochvil, Vaclav"]
[Black "Splichal, Josef"]
[Result "0-1"]
[WhiteElo "2156"]
[BlackElo "2217"]
[PlyCount "84"]
[EventDate "2003.??.??"]
[EventType "corr"]
[EventRounds "1"]
[SourceDate "2004.08.30"]

1. e4 e5 2. Nf3 Nc6 3. Bb5 a6 4. Ba4 Nf6 5. O-O Nxe4 6. d4 b5 7. Bb3 d5 8. dxe5
Be6 9. c3 Bc5 10. Nbd2 O-O 11. Bc2 Bf5 12. Nb3 Bxf2+ 13. Rxf2 Nxf2 14. Kxf2
Bxc2 15. Qxc2 f6 16. exf6 Qxf6 17. Kg1 Ne5 18. Nbd4 c5 19. Bg5 Qd6 20. Nf5
Nxf3+ 21. gxf3 Qe6 22. Ne7+ Kh8 23. Qf2 d4 24. cxd4 cxd4 25. Qxd4 Rxf3 26. Rc1
Raf8 27. Qd2 Qg4+ 28. Qg2 Qd4+ 29. Kh1 Rf2 30. Ng6+ hxg6 31. Qh3+ Kg8 32. Qe6+
R2f7 33. Rf1 Qd7 34. Qxd7 Rxd7 35. Rxf8+ Kxf8 36. Be3 Rd1+ 37. Kg2 Kf7 38. a3
Ke6 39. Kf3 Kd5 40. Kf4 Rb1 41. Kg5 Rxb2 42. Kxg6 Rxh2 0-1

[Event "12PCR_F"]
[Site "?"]
[Date "2003.??.??"]
[Round "?"]
[White "Hladecek, Miloslav"]
[Black "Portych, Vaclav"]
[Result "1-0"]
[WhiteElo "2275"]
[BlackElo "2148"]
[PlyCount "49"]
[EventDate "2003.??.??"]
[EventType "corr"]
[EventRounds "1"]
[SourceDate "2004.08.30"]

1. e4 c5 2. Nf3 Nc6 3. Bc4 e6 4. O-O Nf6 5. Re1 Nxe4 6. Rxe4 d5 7. Bxd5 Qxd5 8.
Nc3 Qh5 9. Nb5 Rb8 10. d4 Be7 11. Bf4 cxd4 12. Nfxd4 Qxd1+ 13. Rxd1 e5 14. Nxc6
bxc6 15. Nc7+ Kf8 16. Bxe5 f5 17. Bxg7+ Kxg7 18. Rxe7+ Kf6 19. Rde1 Rxb2 20.
Ne8+ Kg6 21. Rd1 Rxa2 22. Rd6+ Kh5 23. Nf6+ Kh4 24. h3 Rxc2 25. Rg7 1-0

[Event "12PCR_F"]
[Site "?"]
[Date "2003.??.??"]
[Round "?"]
[White "Nosek, Jaroslav"]
[Black "Kratochvil, Vaclav"]
[Result "1/2-1/2"]
[WhiteElo "2260"]
[BlackElo "2156"]
[PlyCount "46"]
[EventDate "2003.??.??"]
[EventType "corr"]
[EventRounds "1"]
[SourceDate "2004.08.30"]

1. e4 c5 2. Nf3 d6 3. d4 cxd4 4. Nxd4 Nf6 5. Nc3 g6 6. Be3 Bg7 7. f3 O-O 8. Qd2
Nc6 9. O-O-O d5 10. exd5 Nxd5 11. Nxc6 bxc6 12. Nxd5 cxd5 13. Qxd5 Qc7 14. Qxa8
Bf5 15. Qxf8+ Bxf8 16. Bd3 Be6 17. Kb1 Bg7 18. c3 Qb8 19. Bd2 h6 20. Bc2 Kh7
21. Ka1 Qb6 22. Bc1 Bf6 23. Bb1 Qa5 1/2-1/2

[Event "12PCR_F"]
[Site "?"]
[Date "2003.??.??"]
[Round "?"]
[White "Glembek, Bohumir"]
[Black "Pytlik, Lesek"]
[Result "1/2-1/2"]
[WhiteElo "2122"]
[BlackElo "2316"]
[PlyCount "106"]
[EventDate "2003.??.??"]
[EventType "corr"]
[EventRounds "1"]
[SourceDate "2004.08.30"]

1. d4 Nf6 2. c4 e6 3. Nc3 Bb4 4. e3 O-O 5. Bd3 c5 6. Nf3 d5 7. O-O dxc4 8. Bxc4
Nbd7 9. a3 cxd4 10. axb4 dxc3 11. bxc3 b6 12. Be2 Bb7 13. c4 Qc7 14. h3 a5 15.
Ba3 axb4 16. Bxb4 Nc5 17. Qd4 Rxa1 18. Qxa1 Nfd7 19. Rd1 e5 20. Qc3 Bc6 21. Qd2
Ne4 22. Bd6 Qa7 23. Qd3 Re8 24. Bb4 Qb7 25. Nh4 Ndc5 26. Bxc5 Nxc5 27. Qb1 Qc7
28. Qb4 Rd8 29. Qb2 Rxd1+ 30. Bxd1 g6 31. Nf3 f6 32. Nd2 Kg7 33. Qb1 Qd6 34.
Bf3 Bxf3 35. Nxf3 h5 36. Qa1 g5 37. Qa2 Qd1+ 38. Kh2 Qd7 39. Qa1 h4 40. Qb1 Qc6
41. Kg1 Ne4 42. Qb3 Nd6 43. Nd2 f5 44. Qa2 Kf6 45. Qa3 Nf7 46. Qc3 Qa4 47. f3
Qa5 48. Qc2 Nd6 49. Kf1 Qa3 50. Ke2 Ke7 51. Qd3 Qc5 52. Ke1 Ke6 53. Kd1 Kd7
1/2-1/2

[Event "12PCR_F"]
[Site "?"]
[Date "2003.??.??"]
[Round "?"]
[White "Splichal, Josef"]
[Black "Portych, Vaclav"]
[Result "1-0"]
[WhiteElo "2217"]
[BlackElo "2148"]
[PlyCount "63"]
[EventDate "2003.??.??"]
[EventType "corr"]
[EventRounds "1"]
[SourceDate "2004.08.30"]

1. e4 c5 2. Nf3 Nc6 3. d4 cxd4 4. Nxd4 Nf6 5. Nc3 e5 6. Ndb5 d6 7. Bg5 a6 8.
Na3 b5 9. Bxf6 gxf6 10. Nd5 f5 11. Bd3 Be6 12. Qh5 Rg8 13. g3 Rg4 14. f4 exf4
15. Nxf4 Qa5+ 16. Kd1 Rxf4 17. gxf4 fxe4 18. Bxe4 d5 19. Bf5 Bxf5 20. Qxf5 Bxa3
21. Qf6 Rc8 22. bxa3 Qxa3 23. Re1+ Ne7 24. Rb1 Qf3+ 25. Kc1 Rc7 26. Kb2 Qf2 27.
Ka1 Qxc2 28. Rb2 Qg6 29. Qe5 Kd8 30. Rbe2 f5 31. Kb1 Nc6 32. Qh8+ 1-0

[Event "12PCR_F"]
[Site "?"]
[Date "2003.??.??"]
[Round "?"]
[White "Nedoma, Petr"]
[Black "Splichal, Josef"]
[Result "1-0"]
[WhiteElo "2224"]
[BlackElo "2217"]
[PlyCount "63"]
[EventDate "2003.??.??"]
[EventType "corr"]
[EventRounds "1"]
[SourceDate "2004.08.30"]

1. e4 e5 2. Nf3 Nc6 3. Bc4 Bc5 4. d3 Nf6 5. O-O d6 6. c3 O-O 7. b4 Bb6 8. a4 a6
9. h3 d5 10. exd5 Nxd5 11. Qb3 Be6 12. a5 Ba7 13. Ng5 Nf4 14. Nxe6 Nxe6 15.
Bxe6 fxe6 16. Qxe6+ Kh8 17. Qc4 Qd7 18. Na3 e4 19. d4 Rae8 20. Qe2 Rf6 21. Nc4
Rg6 22. Kh1 Rf6 23. Bb2 Rfe6 24. Rfe1 R6e7 25. Ba3 Rf7 26. Nd2 e3 27. fxe3 Ne7
28. Qd3 Nd5 29. Nc4 Nf6 30. e4 Qb5 31. Rad1 Qa4 32. Rf1 1-0

[Event "12PCR_F"]
[Site "?"]
[Date "2003.??.??"]
[Round "?"]
[White "Hladecek, Miloslav"]
[Black "Nedoma, Petr"]
[Result "1/2-1/2"]
[WhiteElo "2275"]
[BlackElo "2224"]
[PlyCount "63"]
[EventDate "2003.??.??"]
[EventType "corr"]
[EventRounds "1"]
[SourceDate "2004.08.30"]

1. e4 e5 2. Nf3 d6 3. Nc3 Be7 4. d4 Nd7 5. Bc4 c6 6. O-O Ngf6 7. a4 O-O 8. a5
Nxe4 9. Nxe4 d5 10. Re1 dxe4 11. Rxe4 exd4 12. Qe2 Bf6 13. Bxf7+ Kh8 14. Qc4 b5
15. Qxc6 Rb8 16. Bd5 Bb7 17. Qd6 Ne5 18. Qxd8 Nxf3+ 19. gxf3 Rfxd8 20. Bxb7
Rxb7 21. Bf4 Kg8 22. a6 Rbd7 23. Be5 Bxe5 24. Rxe5 Rc8 25. Rxb5 Rxc2 26. Rb7
Rf7 27. Ra5 d3 28. Rd5 d2 29. Rd8+ Rf8 30. Rdd7 Rxf3 31. Rxa7 Rxb2 32. Rac7
1/2-1/2

[Event "12PCR_F"]
[Site "?"]
[Date "2003.??.??"]
[Round "?"]
[White "Splichal, Josef"]
[Black "Valak, Alois"]
[Result "1/2-1/2"]
[WhiteElo "2217"]
[BlackElo "2257"]
[PlyCount "115"]
[EventDate "2003.??.??"]
[EventType "corr"]
[EventRounds "1"]
[SourceDate "2004.08.30"]

1. e4 e5 2. Nf3 Nc6 3. Bb5 a6 4. Ba4 Nf6 5. O-O Be7 6. Re1 b5 7. Bb3 d6 8. c3
O-O 9. h3 Re8 10. d4 Bb7 11. a4 h6 12. Nbd2 Bf8 13. d5 Nb8 14. Nh4 Nbd7 15.
axb5 axb5 16. Rxa8 Qxa8 17. Bc2 c6 18. dxc6 Bxc6 19. Qf3 g6 20. Bb3 d5 21. exd5
Bxd5 22. Bxd5 Nxd5 23. c4 bxc4 24. Nxc4 e4 25. Qg4 Qc6 26. b3 Bg7 27. Qg3 Nc5
28. Bd2 Nd3 29. Rf1 Qe6 30. Qg4 Qxg4 31. hxg4 Rb8 32. Nd6 Nf6 33. f3 exf3 34.
Nxf3 Rxb3 35. g5 hxg5 36. Bxg5 Ng4 37. Rd1 f6 38. Bd2 f5 39. Bg5 Ngf2 40. Rf1
Ne4 41. Nxe4 fxe4 42. Nd2 Bd4+ 43. Kh2 Rb4 44. Rd1 Nf2 45. Re1 Bc5 46. Kg3 Ra4
47. Nb3 Bb6 48. Be3 Nd3 49. Re2 Bc7+ 50. Kg4 Bd6 51. Nd4 Kf7 52. Nb5 Be5 53.
Rc2 Rb4 54. Nc7 Rb1 55. Nd5 Rf1 56. Rc4 Re1 57. Ra4 Ke6 58. Nf4+ 1/2-1/2

[Event "12PCR_F"]
[Site "?"]
[Date "2003.??.??"]
[Round "?"]
[White "Nejtek, Jiri"]
[Black "Svrsek, Radomir"]
[Result "1-0"]
[WhiteElo "2291"]
[BlackElo "2237"]
[PlyCount "63"]
[EventDate "2003.??.??"]
[EventType "corr"]
[EventRounds "1"]
[SourceDate "2004.08.30"]

1. e4 e5 2. Nf3 Nc6 3. Bb5 a6 4. Ba4 Bc5 5. O-O Qf6 6. Nc3 Nge7 7. Nd5 Nxd5 8.
exd5 Nd4 9. Nxe5 b5 10. Ng4 Qd6 11. b4 Bxb4 12. Re1+ Kf8 13. Bb2 Bb7 14. Ne3
Qf4 15. Bxd4 Qxd4 16. c3 Bxc3 17. dxc3 Qxa4 18. Qf3 h5 19. c4 h4 20. Qg4 d6 21.
Nf5 g6 22. Qd4 Rh7 23. Ne7 Qxc4 24. Qf6 Bxd5 25. Nxg6+ Kg8 26. Ne7+ Kf8 27.
Rac1 Qg4 28. Nxd5 Qg6 29. Qe7+ Kg7 30. Nxc7 Rg8 31. Re6 Qf5 32. Rxd6 1-0

[Event "12PCR_F"]
[Site "?"]
[Date "2003.??.??"]
[Round "?"]
[White "Nejtek, Jiri"]
[Black "Glembek, Bohumir"]
[Result "1-0"]
[WhiteElo "2291"]
[BlackElo "2122"]
[PlyCount "43"]
[EventDate "2003.??.??"]
[EventType "corr"]
[EventRounds "1"]
[SourceDate "2004.08.30"]

1. e4 e5 2. Nf3 Nc6 3. Bb5 a6 4. Ba4 Nf6 5. O-O b5 6. Bb3 Be7 7. Re1 O-O 8. c3
Bb7 9. d4 d6 10. h3 Re8 11. Nbd2 h6 12. Bc2 exd4 13. cxd4 Rc8 14. Nf1 Bf8 15.
Bd2 Ne7 16. e5 Nfd5 17. a4 dxe5 18. Nxe5 Nc6 19. Qh5 g6 20. Nxg6 Rxe1 21. Nxf8
Rxa1 22. Bxh6 1-0